00641nam a2200217Ia 4500008004100000050001400041050001800055100002100073245002500094245002200119260001300141260003200154260000900186300001600195300001100211300001100222650002400233650003200257999001900289952011500308160216s9999 xx 000 0 und d aFIL T 385 b.A36 2004 c.4 aAdorna, Ricky L. aAnimation graphics / cRicky L. Adorna,  aManila : b3K-IT Educational Services, c2004 a195 pages : bill. ; c23 cm. aComputer graphics.  aWindows (Computer programs) c290973d290973 001040aSMCbSMCcFILd0000-00-00l0oFIL T 385 .A36 2004 c.4pSMC03101r2016-02-16 00:00:00w2016-02-16yBK